Teorija mechanizmov i mašin.

Uložené v:
Podrobná bibliografia
Hlavný autor: Artobolevskij, I. I.
Médium: Kniha
Jazyk:Slovak
Vydané: 1951.
Fyzický popis: 704 s.+779 obr.
Tagy: Pridať tag
Žiadne tagy, Buďte prvý kto otaguje tento záznam!

MARC

LEADER 00000nam a22000004a 4500
001 000556321
005 20170823092258.0
008 170823s1951 xo e 000 0 slo d
040 |a SVKKK  |b slo  |c SVKKK  |e AACR2 
100 1 |a Artobolevskij, I. I. 
245 1 0 |a Teorija mechanizmov i mašin. 
260 |c 1951. 
300 |a 704 s.+779 obr. 
500 |a Záznam revízie 
910 |a svkkk 
998 |a BK 
090 |g SCKHL  |k Sklad  |a III.2659  |j 2117  |i 2720478873  |4 Zastaraná  |s Vyradená 
090 |g SCKHL  |k Sklad  |a III.9443  |j 19129  |i 2720525761  |4 Zastaraná  |s Vyradená